000 00467nam a2200157 a 4500
001 000035435
005 20200930074336.0
008 111031s19uu xx a 000 0 spa d
040 _aDO-SdBNP
_bspa
_cBNPHU
082 _axxxx
_bxxxx
100 1 _aSpyri, Jana
_961269
245 1 0 _aHeidi /
_cJuana Spyri.
260 _a[Suiza], :
_b[s.n.],
_c[19--?].
300 _a76 p. :
_bil. ;
_c20 cm.
590 _aPerteneció a la biblioteca personal de Juan Isidro Jimenes Grullón.
999 _c34926
_d34926